Music Quiz

Random Music or Billboard Quiz

2013's Biggest Pop Songs In One Epic Mashup Quiz Stats

 Plays Quiz Updated Dec 31, 2017

Score 0/68 Timer 18:00
0 Plays Today
Song % Correct
Wrecking Ball
84.3%
The Fox (What Does the Fox Say?)
82.3%
Get Lucky
81.8%
Blurred Lines
77.8%
Royals
76.8%
We Can't Stop
74.8%
Harlem Shake
73.6%
Best Song Ever
71%
Suit & Tie
70.4%
Locked Out of Heaven
68.6%
Cups (When I'm Gone)
68.2%
Wake Me Up
67.3%
Story of My Life
66%
Clarity
61.9%
Let Her Go
60.6%
I Knew You Were Trouble
57.3%
I Love It
57%
Stay
56.5%
Love Somebody
56.4%
Started from the Bottom
54.9%
Mirrors
54.2%
The Other Side
53.8%
Applause
53.8%
Roar
53.8%
Burn
53.5%
Come & Get It
52.2%
Feel This Moment
50.6%
Counting Stars
49.2%
Daylight
49.1%
Timber
47.9%
I Need Your Love
47%
Same Love
46.9%
Safe & Sound
44.4%
Right Now
43.3%
Song % Correct
Stay the Night
42.4%
Can't Hold Us
42.3%
Demons
41.2%
Slow Down
40.6%
Here's to Never Growing Up
40.5%
C'mon
39.7%
Get Up (Rattle)
39.2%
Catch My Breath
39.1%
Give It 2 U
38.8%
Gentleman
37.2%
Alive
36.8%
#thatPOWER
33.5%
Animals
32.7%
This Is What It Feels Like
27.4%
Just Give Me a Reason
27.3%
Hold On, We're Going Home
27.3%
La La La
26.9%
Work B**ch
25.4%
22
25.3%
Treasure
25.2%
Heart Attack
25.1%
Pour It Up
25%
Holy Grail
24.6%
If I Lose Myself
19.4%
Don't Stop the Party
19%
Summertime Sadness (Cedric Gervais Remix)
18.6%
Pompeii
15.8%
When I Was Your Man
14.4%
Scream & Shout
13.8%
Crazy Kids
10.2%
Thinking About You
8.8%
Hey Now
7.8%
Wild for the Night
6.2%
Ooh La La
5.1%

You're not logged in!

Compare scores with friends on all Sporcle quizzes.
OR
Log In

Show Comments

Extras

Top Quizzes Today


Score Distribution

Your Account Isn't Verified!

In order to create a playlist on Sporcle, you need to verify the email address you used during registration. Go to your Sporcle Settings to finish the process.

Report this User

Report this user for behavior that violates our Community Guidelines.

Details: